000 00722nam a2200217Ia 4500
003 OSt
005 20250916122436.0
008 210719s1977 xx 000 0 und d
040 _cAL
041 _aTulu
082 _aT894.2 SANG
100 _aSANJIVA (A)
_d ಸಂಜೀವ (ಎ)
_9238764
245 _aGalig tikkina tudar
_bಗಾಳಿಗ್ ತಿಕ್ಕಿನ ತುಡರ್
260 _aMangaluru
_c1977
300 _a75
_bPB
365 _b2.5
_cRs
650 _asamsarika Tulu samajika nataka : ಸಂಸಾರಿಕ ತುಳು ಸಾಮಾಜಿಕ ನಾಟಕ
_9238765
650 _aTulu Drama
_9238766
906 _aGalig ; nataka ; samajika ; samsarika ; tikkina ; tudar: ; tulu
942 _2ddc
_cBK
999 _c214734
_d214734